Statistics for Lande med Y i navnet

Click here to take the quiz!

General Stats

  • This quiz has been taken 118 times
    (114 since last reset)
  • The average score is 7 of 18

Answer Stats

Land % Correct
Yemen
86%
Tyskland
57%
Sydafrika
51%
Sydkorea
51%
Uruguay
49%
Tyrkiet
46%
Libyen
46%
Paraguay
43%
Syrien
43%
Kenya
41%
Sydsudan
38%
Egypten
32%
Guyana
30%
Malaysia
30%
Cypern
24%
Seychellerne
22%
Elfenbenskysten
19%
Papua Ny Guinea
16%

Score Distribution

Percentile by Number Answered

Percent of People with Each Score

Your Score History

You have not taken this quiz since the last reset